000 00711nam a2200229Ii 4500
003 JO-AjNU
008 230605s9999||||xx |||||||||||||| ||und||
017 _a2009/9/4072
020 _a978-9957-521-06-6
040 _aJO-AjNU
_bara
_erda
_cJO-AjNU
041 _aara
050 1 4 _aLB1027.K42 2010
100 3 _aالخواجة،عبد الفتاح,
_eauthor
_930358
245 0 0 _aأساليب الإرشاد النفسي
250 _aط1
264 3 1 _aعمان:دار البداية،2010
300 _a248ص
336 _atext
_btxt
_2rdacontent
337 _aunmediated
_bn
_2rdamedia
338 _avolume
_bnc
_2rdacarrier
650 4 _aالإرشاد النفسي-التوجيه التربوي
_930359
999 _aA12024
_c15592
_d15592